| 000 | 00491nam a2200181Ia 4500 | ||
|---|---|---|---|
| 008 | 240925s9999 xx 000 0 und d | ||
| 020 | _a9788131724613 | ||
| 082 | _a005.1 SOM | ||
| 100 | _aSommerville, Ian | ||
| 245 | 0 | _aSoftware Engineering | |
| 250 | _a8th | ||
| 260 |
_aNew Delhi: _bPearson Education _c,2007. |
||
| 300 |
_a957p. _bN.A _fPhotocopy |
||
| 500 | _aIncludes Index | ||
| 600 | _aComputer Science | ||
| 650 | _aComputer science, information & general works | ||
| 942 | _cBK | ||
| 999 |
_c10255 _d10255 |
||